书目信息 |
| 题名: |
警惕爱心杀手
|
|
| 作者: | 夏于全 编著 | |
| 分册: | ||
| 出版信息: | 北京 中国三峡出版社 2006.01 |
|
| 页数: | 307页 | |
| 开本: | 24cm | |
| 丛书名: | ||
| 单 册: | ||
| 中图分类: | G78 | |
| 科图分类: | ||
| 主题词: | 家族教育 | |
| 电子资源: | ||
| ISBN: | 7-80099-982-3 | |
| 000 | 00794nam0 2200229 450 | |
| 001 | 1043052078 | |
| 005 | 20100729120010.15 | |
| 010 | @a7-80099-982-3@dCNY32.00 | |
| 100 | @a20100515d2006 km y0chiy0120 ea | |
| 101 | 0 | @achi |
| 102 | @aCN | |
| 105 | @ay z 000yy | |
| 200 | 1 | @a警惕爱心杀手@Ajing ti ai xin sha shou@e别让宠爱毁了孩子@f夏于全编著@Fxia yu quan bian zhu |
| 210 | @a北京@c中国三峡出版社@d2006.01 | |
| 215 | @a307页@d24cm | |
| 330 | @a本书内容包括:谁扼杀了孩子的兴趣、不要葬送了孩子的创造力、孩子也有不能承受之重、恨铁不成钢的悲哀、不要剥夺孩子的自主权、孩子不需要强加的爱等。 | |
| 517 | 1 | @a别让宠爱毁了孩子@Abie rang chong ai hui le hai zi |
| 606 | 0 | @a家族教育 |
| 690 | @aG78@v4 | |
| 701 | 0 | @a夏于全@Axia yu quan@4编著 |
| 801 | 0 | @aCN@c20100515 |
| 905 | @dG78@eX222@f3 | |
| 警惕爱心杀手:别让宠爱毁了孩子/夏于全编著.-北京:中国三峡出版社,2006.01 |
| 307页;24cm |
| ISBN 7-80099-982-3:CNY32.00 |
| 本书内容包括:谁扼杀了孩子的兴趣、不要葬送了孩子的创造力、孩子也有不能承受之重、恨铁不成钢的悲哀、不要剥夺孩子的自主权、孩子不需要强加的爱等。 |
| ● |
| 相关链接 |
|
|
|
正题名:警惕爱心杀手
索取号:G78/X222
 
预约/预借
| 序号 | 登录号 | 条形码 | 馆藏地/架位号 | 状态 | 备注 |
| 1 | 993906 | 209939067 | 社科库409/409社科库 17排4列3层/ [索取号:G78/X222] | 在馆 | |
| 2 | 993907 | 209939076 | 社科库409/409社科库 17排4列3层/ [索取号:G78/X222] | 在馆 | |
| 3 | 993908 | 209939085 | 社科库409/409社科库 17排4列3层/ [索取号:G78/X222] | 在馆 |